000
00282nam a2200121 a 4500
008
100920s1964|||| d
245
1
0
_a
Tancovala jedno leto
100
1
_a
Okström, Per Olof
260
_b
Smena
_a
Bratislava
_c
1964
020
_c
15
044
_a
xo
_c
SK
041
_a
slo
999
_c
10502
_d
10502